| 000 | 00646nam a22001817a 4500 | ||
|---|---|---|---|
| 005 | 20231206095906.0 | ||
| 008 | 231206b |||||||| |||| 00| 0 eng d | ||
| 020 | _a9960141152 | ||
| 040 | _c. | ||
| 082 |
_21ط _a350,162531 645K 2003 |
||
| 100 | _aمعهد الادارة العامة | ||
| 245 |
_aالكتاب التوثيقي لندوة إدارة خدمات المتقاعدين والاستفادة من خبراتهم : _b/ _cمعهد الادارة العامة |
||
| 250 | _a1ط | ||
| 260 |
_aالرياض _bمعهد الادارة العامة _c2003 |
||
| 300 |
_a744ص _c24سم |
||
| 650 | _zالتقاعد | ||
| 942 |
_2ddc _cBK-AR _n0 |
||
| 999 |
_c6374 _d6374 |
||